000 00575nam a2200205Ia 4500
005 20250923144616.0
008 008 250917s9999 xx 000 0 eng d
037 _aTextual
040 _aDSWL
_beng
_cDSWL
041 _aeng
_2eng
084 _aY172:1:12:2:N, H4
_qDSWL
100 _aElwin, Verrier
_9826587
245 0 _aAboviginals
_cby Verrier Elwin
260 _aNew Delhi
_bOxford University Pres
_c1944
300 _a31p.
365 _aINR
_b0.37
925 _g0.37
942 _cTEXL
_hY172:1:12:2:N, H4
999 _c1441115
_d1441115